| 000 | 01560nam a2200397 c 4500 | ||
|---|---|---|---|
| 999 |
_c173431 _d173431 |
||
| 003 | BLK | ||
| 005 | 20250722172518.0 | ||
| 008 | 180411b bul|||||r ||||||| ||bul|| | ||
| 010 | _aKNG00181830000 | ||
| 020 | _a978-619-199-038-2 | ||
| 040 | _aBLK | ||
| 041 |
_aBUL _cBUL |
||
| 072 | 7 |
_2bullib _aН85 _xДетска художествена литература Н |
|
| 080 |
_aАнглийска литература _b821.111 _x-93-32 _z821.111-93-32 |
||
| 139 |
_aГарднър, Сали _bГ 23 |
||
| 245 | 1 | 0 |
_aМомчето и магическите числа _cтекст и ил. Сали Гарднър; прев. Екатерина Христева Митренцева. |
| 257 | _aGBR | ||
| 260 |
_bФют _c2015 |
||
| 300 |
_a103 с. _bс ил. _c20 см |
||
| 380 | _aDX | ||
| 490 |
_aНаоколо се случват чудеса _9208012 |
||
| 500 | _aОриг. загл. The Boy with the Magic Number / Sally Gardner. - Съдържа и за авт. | ||
| 653 | _aприказни повести | ||
| 653 | _aлитература за деца | ||
| 653 | _aдетска литература | ||
| 659 | _aН | ||
| 700 | 1 |
_aГарднър, Сали _eтекст и ил. _9383020 |
|
| 700 |
_aМитренцева, Екатерина Христева _9270859 |
||
| 852 | _aЦб 276808 | ||
| 856 | 4 | _qpdf | |
| 856 | 4 | _qpdf | |
| 942 |
_cKNG _n0 _016 _s1 |
||
| 944 |
_aCR _c15.09.2015 _lРусанова Ирена _k30542 |
||
| 944 |
_aED _c30.12.2015 _lф / _kЛюдмила_Стоянова |
||
| 999 | _d173431 | ||